ডেভিড কপারফিল্ড / (Record no. 13301)
[ view plain ]
| 000 -LEADER | |
|---|---|
| fixed length control field | 00859nam a2200241 a 4500 |
| 001 - CONTROL NUMBER | |
| JCCL Control Number | 13301 |
| 003 - CONTROL NUMBER IDENTIFIER | |
| JCCL marc code | BD-JhCC |
| 005 - DATE AND TIME OF LATEST TRANSACTION | |
| control field | 20230811084019.0 |
| 008 - FIXED-LENGTH DATA ELEMENTS--GENERAL INFORMATION | |
| fixed length control field | 230811b2017 b |||| ||a| 000 0 b d |
| 020 ## - INTERNATIONAL STANDARD BOOK NUMBER | |
| International Standard Book Number | 98470342461 |
| 035 ## - SYSTEM CONTROL NUMBER | |
| system control number | (BD-JhCC)13301 |
| 040 ## - CATALOGING SOURCE | |
| Original cataloging agency | BD-JhCC |
| Modifying agency | BD-JhCC |
| 041 ## - LANGUAGE CODE | |
| Language code of Book | bengali |
| 082 ## - DEWEY DECIMAL CLASSIFICATION NUMBER | |
| Classification number | 823.8 |
| Author mark and Year | DIC 2017 |
| 100 ## - MAIN ENTRY--PERSONAL NAME | |
| Personal name | ডিকেন্স,চার্লস |
| 245 ## - TITLE STATEMENT | |
| Title | ডেভিড কপারফিল্ড / |
| Statement of responsibility, etc | চার্লস ডিকেন্স, অনু: মোহাম্মদ রহমতউল্লাহ। |
| 260 ## - PUBLICATION, DISTRIBUTION, ETC. (IMPRINT) | |
| Place of publication, distribution, etc | ঢাকা: |
| Name of publisher, distributor, etc | অবধূত বইঘর; |
| Date of publication, distribution, etc | 2017. |
| 300 ## - PHYSICAL DESCRIPTION | |
| Pagination | 103 p. : |
| Dimensions | 22 cm. |
| 650 ## - SUBJECT ADDED ENTRY--TOPICAL TERM | |
| Topical term or geographic name as entry element | England |
| Form subdivision | Young men |
| General subdivision | Child labor |
| Chronological subdivision | Manners and customs |
| Geographic subdivision | England--London |
| 700 ## - ADDED ENTRY--PERSONAL NAME | |
| Personal name | রহমতউল্লাহ,মোহাম্মদ |
| 942 ## - ADDED ENTRY ELEMENTS (KOHA) | |
| Source of classification or shelving scheme | Dewey Decimal Classification |
| Koha item type | Books |
| Source of classification or shelving scheme | Damaged status | Not for loan | Home library | Current library | Shelving location | Date of accession | Cost, normal purchase price | Total Checkouts | Full call number | Barcode | Date last seen | Copy number | Method of acquisition | Koha item type | Currency |
|---|---|---|---|---|---|---|---|---|---|---|---|---|---|---|---|
| Dewey Decimal Classification | JCC Rouf Library | JCC Rouf Library | General Stacks | 08/10/2023 | 130.00 | 823.8 DIC 2017 | 17842 | 08/11/2023 | C-1 | Purchase | Books | BDT |